000 01323 a2200217 4500
001 27521
005 20260407155550.0
008 260407a2000 arg spa d
003 AR-UNSa-BCEJYS
040 _aAR-UNSa-BCEJYS
_bspa
_cAR-UNSa-BCEJYS
080 _a349.2
_xDerecho del Trabajo
245 1 0 _aCurso de derecho del trabajo y de la seguridad social
250 _a4a. ed.
264 1 _aBuenos Aires :
_bAstrea
_c2000
300 _alv, 900 p.
_c20 cm.
505 _a1. El trabajo humano - 2. Política social y laboral - 3. Derecho del trabajo. Fundamentos - 4. Relación jurídica individual - 5. Desarrollo de la relación - 6. Alteraciones en el desarrollo de la relación - 7. Extinción de la relación laboral - 8. Relaciones jurídicas colectivas - 9. Relación de asociación - 10. Relación de negociación - 11. Relación de conflicto - 12. Relaciones jurídicas con el estado - 13. Derecho Internacional Público - 14. Prescripción y caducidad - 15. Seguridad social - 16. Instituciones jurídicas de la seguridad social - 17. Sistema legal argentino - 18. Régimen contencioso de la seguridad social -
942 _cBK
590 _aniveau_biblio:m niveau_hierar:0
100 1 _aRodríguez Mancini, Jorge
856 4 1 _uhttps://170.210.207.44/pmb/images/libros/L86067.jpg
_yImagen de portada
_qimage/jpeg
999 _c1600
_d1600